000
00442nam a2200181Ia 4500
008
090124s9999 xx 000 0 und d
082
_b
23330
_a
2435
100
_a
बागवे अशोक
245
_a
आलम्
250
_a
1
260
_c
1981
300
_a
81
600
_a
बागवे अशोक
630
_a
आलम्
700
_a
बागवे अशोक
730
_a
आलम्
942
_c
BOOK
999
_c
136935
_d
136935